Central Library OPAC University of Rajshahi

Materials for nuclear engineers / (Record no. 73578)

MARC details
000 -LEADER
fixed length control field 00802nam a2200265 a 4500
001 - CONTROL NUMBER
control field 73578
003 - CONTROL NUMBER IDENTIFIER
rucl marc code BD-RjUL
005 - DATE AND TIME OF LATEST TRANSACTION
control field 20211209082419.0
008 - FIXED-LENGTH DATA ELEMENTS--GENERAL INFORMATION
fixed length control field 170604s1960 enka 001 0 eng d
035 ## - SYSTEM CONTROL NUMBER
System control number (BD-RjUL)73796
040 ## - CATALOGING SOURCE
Original cataloging agency DLC
Transcribing agency MoRM
Modifying agency BD-RjUL
Language of cataloging eng
041 ## - LANGUAGE CODE
Language code of text/sound track or separate title eng
082 ## - DEWEY DECIMAL CLASSIFICATION NUMBER
Classification number 621.483
Edition number 23
Author mark and year MAT 1960
245 00 - TITLE STATEMENT
Title Materials for nuclear engineers /
Statement of responsibility, etc. Edited by A.B. McIntosh and T.J. Heal.
260 ## - PUBLICATION, DISTRIBUTION, ETC. (IMPRINT)
Place of publication, distribution, etc. London :
Name of publisher, distributor, etc. Temple Press,
Date of publication, distribution, etc. 1960.
300 ## - PHYSICAL DESCRIPTION
Pagination 373 p. :
Illustrations ill. ;
Size 22 cm.
500 ## - GENERAL NOTE
General note Includes index
650 #0 - SUBJECT ADDED ENTRY--TOPICAL TERM
Topical term or geographic name as entry element Nuclear reactors
General subdivision Materials.
9 (RLIN) 217716
Topical term or geographic name as entry element Nuclear fuels.
9 (RLIN) 217717
Topical term or geographic name as entry element Metallurgy.
9 (RLIN) 217718
700 1# - ADDED ENTRY--PERSONAL NAME
Personal name McIntosh, Alexander Benjamin,
Personal name Heal, Thomas John,
Relator term joint ed.
942 ## - ADDED ENTRY ELEMENTS (KOHA)
Source of classification or shelving scheme Dewey Decimal Classification
Koha item type Books
Holdings
Lost status Source of classification or shelving scheme Damaged status Not for loan Collection code Permanent Location Current Location Shelving location Date acquired Source of acquisition Cost, normal purchase price Total Checkouts Full call number Date last seen Copy number Koha item type
  Dewey Decimal Classification   Not For Loan Non-fiction Central Library, University of Rajshahi Central Library, University of Rajshahi Reading Room 15/07/1964 Zeitlinger 75.00   621.483 MAT 1960 04/06/2017 C-1 Books